00241nam a2200085Ia 4500008004100000100001700041245006000058260002900118300000800147201217s9999 xx 000 0 und d aDatta, A. K. 0aIntegrated Materials Management : A Functional Approach aNew DelhibPrentice hall a380